Cloud Native Python (Record no. 348018)
[ view plain ]
| 000 -LEADER | |
|---|---|
| fixed length control field | 00540nam a2200169Ia 4500 |
| 008 - FIXED-LENGTH DATA ELEMENTS--GENERAL INFORMATION | |
| fixed length control field | 230718s9999 xx 000 0 und d |
| 020 ## - INTERNATIONAL STANDARD BOOK NUMBER | |
| International Standard Book Number | 9781787129313 |
| 041 ## - LANGUAGE CODE | |
| Language code of text/sound track or separate title | eng |
| 082 ## - DEWEY DECIMAL CLASSIFICATION NUMBER | |
| Classification number | 006.7'8 |
| Item number | SET |
| 100 ## - MAIN ENTRY--PERSONAL NAME | |
| Personal name | Sethi M. |
| 9 (RLIN) | 200951 |
| 245 ## - TITLE STATEMENT | |
| Title | Cloud Native Python |
| Remainder of title | Practical Techniques To Build Apps That Dynamically Scale To Handle Any Volume Of Data, Traffic, or Users |
| 260 ## - PUBLICATION, DISTRIBUTION, ETC. (IMPRINT) | |
| Date of publication, distribution, etc. | 2017 |
| Name of publisher, distributor, etc. | Packt |
| 300 ## - PHYSICAL DESCRIPTION | |
| Extent | 356 |
| 365 ## - TRADE PRICE | |
| Currency code | Rs. |
| Price amount | 999.00 |
| 700 ## - ADDED ENTRY--PERSONAL NAME | |
| Personal name | Sethi M. |
| 9 (RLIN) | 200951 |
| 906 ## - LOCAL DATA ELEMENT F, LDF (RLIN) | |
| d | O:0601604-Aug-2018B:IN24018-Jul-2018 |
| c | COMP |
| b | 199.8 |
| Withdrawn status | Lost status | Damaged status | Not for loan | Home library | Current library | Date acquired | Vendor | Budget Code | Cost, normal purchase price | Bill number | Total Checkouts | Full call number | Barcode | Date last seen | Date last checked out | Discount | Cost, replacement price | Bill Date | Koha item type | Original Barcode |
|---|---|---|---|---|---|---|---|---|---|---|---|---|---|---|---|---|---|---|---|---|
| Cummins College of Engineering for Women Pune | Cummins College of Engineering for Women Pune | 04/08/2018 | Pradeep Book Distributors | COMP | 799.20 | IN240 | 2 | 006.7'8 | CCEP-BK-59225 | 22/08/2023 | 08/08/2023 | 199.8 | 999.00 | 18/07/2018 | Books | 059225 |